000 00427cam a22001337a 4500
008 180718b2003 xxu||||| |||| 00| 0 eng d
100 _aAggarwal, Reena
245 _aOwnership strcture and initial public offerings
_cby Reena Aggarwal and Leora Klapper
260 _aWashington, D.C.
_bWorld Bank
_c2003
300 _a27p.
440 _aPolicy research working paper; no. 3103
650 _aOwnership
700 _aKlapper, Leora
999 _c289915
_d289915